| 000 | 00460cam a2200193ua 4500 | ||
|---|---|---|---|
| 001 | 9054 | ||
| 005 | 20260515114424.0 | ||
| 008 | 150220n ii |||gr||||Z||||||eng | ||
| 040 | _cMAIN | ||
| 041 | _aeng | ||
| 082 | _a294.592 | ||
| 100 |
_aSaikia, H., _eEditor. |
||
| 245 | 1 |
_aSrimadbhagavadgeeta _cEdited by Hiranya Saikia |
|
| 250 | _a1st. | ||
| 260 |
_aDibrugarh: _bAnupom, _c2000. |
||
| 300 | _a320p. | ||
| 653 | _aReligions ofIndic origin | ||
| 942 | _cBK | ||
| 999 |
_c8137 _d8137 |
||